| 000 | 00685nam a2200193 a 4500 | ||
|---|---|---|---|
| 008 | 120416s1991 ||||||||||||||||| || u | ||
| 020 | _a0521361338 | ||
| 050 | _aQK 731 Pla | ||
| 100 | _aPorter, J. R | ||
| 245 | 1 | 0 |
_aPlant growth: interactions with nutrition and environment _cedited by J. R. Porter |
| 260 |
_aCambridge: _bCambridge University Press _c1991 |
||
| 300 | _axii, 1284p. : ill. | ||
| 350 | _a0.00 | ||
| 650 | _aPLANTS | ||
| 650 | 0 | _aPLANT ECOLOGY | |
| 650 | _aGROWTH (PLANTS) | ||
| 700 | _aLawlor, David W | ||
| 995 |
_D0.00 _FCBU-MAIN LIBRARY (Kitwe) _H1 _I45.00 _M1 _UAVAILABLE _ZMain Library Open Access Collection |
||
| 999 |
_c53751 _d53751 |
||